MARC details
| 000 -LEADER |
| fixed length control field |
01263 a2200373 4500 |
| 001 - CONTROL NUMBER |
| control field |
160707 |
| 003 - CONTROL NUMBER IDENTIFIER |
| control field |
TR-AnTOB |
| 005 - DATE AND TIME OF LATEST TRANSACTION |
| control field |
20240910102930.0 |
| 008 - FIXED-LENGTH DATA ELEMENTS--GENERAL INFORMATION |
| fixed length control field |
091204s2008 tu 000 0 tur d |
| 020 ## - INTERNATIONAL STANDARD BOOK NUMBER |
| International Standard Book Number |
9789944602662 |
| 040 ## - CATALOGING SOURCE |
| Original cataloging agency |
TR-AnTOB |
| 050 #1 - LIBRARY OF CONGRESS CALL NUMBER |
| Classification number |
HF5386 |
| Item number |
.C519 2008 |
| 090 ## - LOCALLY ASSIGNED LC-TYPE CALL NUMBER (OCLC); LOCAL CALL NUMBER (RLIN) |
| Classification number (OCLC) (R) ; Classification number, CALL (RLIN) (NR) |
HF5386 .C519 2008 |
| 041 ## - LANGUAGE CODE |
| Language code of text/sound track or separate title |
Türkçe |
| 100 #1 - MAIN ENTRY--PERSONAL NAME |
| Personal name |
Clark, M. |
| 9 (RLIN) |
55915 |
| 245 #0 - TITLE STATEMENT |
| Title |
Yeni başlayanlar için tüccarlığın prensipleri / |
| Statement of responsibility, etc. |
yazarı M.Clark, Osmanlıcadan çeviren ve sadeleştiren Zekeriya Kurşun. |
| 246 #3 - VARYING FORM OF TITLE |
| Title proper/short title |
Tüccarlığın prensipleri. |
| 264 #1 - PRODUCTION, PUBLICATION, DISTRIBUTION, MANUFACTURE, AND COPYRIGHT NOTICE |
| Place of production, publication, distribution, manufacture |
İstanbul: |
| Name of producer, publisher, distributor, manufacturer |
İstanbul Ticaret Odası, |
| Date of production, publication, distribution, manufacture, or copyright notice |
2008. |
| 300 ## - PHYSICAL DESCRIPTION |
| Extent |
136 s. ; |
| Dimensions |
24 cm. |
| 490 0# - SERIES STATEMENT |
| Series statement |
İstanbul Ticaret Odası (Series) kültürel,sanatsal ve tarihi araştırmalar ; |
| Volume/sequential designation |
yayın no. 2008-19. |
| 500 ## - GENERAL NOTE |
| General note |
Facsimile 1926 İstanbul. |
| 546 ## - LANGUAGE NOTE |
| Language note |
In Ottoman. |
| 650 #0 - SUBJECT ADDED ENTRY--TOPICAL TERM |
| Topical term or geographic name entry element |
Success |
| General subdivision |
Psychological aspects |
| 9 (RLIN) |
100773 |
| 650 #0 - SUBJECT ADDED ENTRY--TOPICAL TERM |
| Topical term or geographic name entry element |
İşçi güdülemesi |
| 9 (RLIN) |
29750 |
|
| Topical term or geographic name entry element |
Employee motivation |
| 9 (RLIN) |
1905 |
|
| Topical term or geographic name entry element |
Başarı, İşletmelerde |
| Source of heading or term |
|
| 9 (RLIN) |
18406 |
|
| Topical term or geographic name entry element |
Success in business |
| 9 (RLIN) |
294 |
|
| Topical term or geographic name entry element |
Başarı |
| General subdivision |
Psikolojik yönleri |
| 9 (RLIN) |
106321 |
| 700 #1 - ADDED ENTRY--PERSONAL NAME |
| Personal name |
Kurşun, Zekeriya |
| 9 (RLIN) |
31111 |
| 902 ## - LOCAL DATA ELEMENT B, LDB (RLIN) |
| a |
T001339,T001340,T001341 |
| 903 ## - LOCAL DATA ELEMENT C, LDC (RLIN) |
| a |
TOBB Özel Koleksiyonu |
| 945 ## - LOCAL PROCESSING INFORMATION (OCLC) |
| a |
MC,C.Ş |
| 942 ## - ADDED ENTRY ELEMENTS (KOHA) |
| Koha item type |
Book |